Central Library OPAC University of Rajshahi

Accounting systems / (Record no. 15058)

MARC details
000 -LEADER
fixed length control field 00780cam a2200253u 4500
001 - CONTROL NUMBER
control field 15058
003 - CONTROL NUMBER IDENTIFIER
rucl marc code BD-RjUL
005 - DATE AND TIME OF LATEST TRANSACTION
control field 20211208235737.0
008 - FIXED-LENGTH DATA ELEMENTS--GENERAL INFORMATION
fixed length control field 140209s1960 pau 000 0 eng
035 ## - SYSTEM CONTROL NUMBER
System control number (BD-RjUL)15112
040 ## - CATALOGING SOURCE
Original cataloging agency DLC
Transcribing agency CarP
Modifying agency BD-RjUL
Language of cataloging eng
041 ## - LANGUAGE CODE
Language code of text/sound track or separate title eng
082 ## - DEWEY DECIMAL CLASSIFICATION NUMBER
Edition number 23
Classification number 657.0951
Author mark and year NEA 1960
100 1# - MAIN ENTRY--PERSONAL NAME
Personal name Neuner, John Joseph William,
Dates associated with a name 1900- [from old catalog]
9 (RLIN) 46882
245 10 - TITLE STATEMENT
Title Accounting systems /
Statement of responsibility, etc. John Joseph William Neuner and Ulrich J. Neuner
250 ## - EDITION STATEMENT
Edition statement 3d ed.
260 ## - PUBLICATION, DISTRIBUTION, ETC. (IMPRINT)
Place of publication, distribution, etc. Scranton :
Name of publisher, distributor, etc. International Textbook Co,
Date of publication, distribution, etc. 1960
300 ## - PHYSICAL DESCRIPTION
Pagination 577 p. :
Illustrations ill . ;
Size 24 cm.
650 #0 - SUBJECT ADDED ENTRY--TOPICAL TERM
Topical term or geographic name as entry element Accounting.
9 (RLIN) 46883
700 1# - ADDED ENTRY--PERSONAL NAME
Personal name Neuner, Ulrich J., [from old catalog]
942 ## - ADDED ENTRY ELEMENTS (KOHA)
Source of classification or shelving scheme Dewey Decimal Classification
Koha item type Books
Holdings
Lost status Source of classification or shelving scheme Damaged status Not for loan Collection code Permanent Location Current Location Shelving location Date acquired Source of acquisition Cost, normal purchase price Total Checkouts Full call number Date last seen Copy number Koha item type
  Dewey Decimal Classification     Non-fiction Central Library, University of Rajshahi Central Library, University of Rajshahi   27/10/1965 Zeitlinger 62.00   657.0951 NEA 1960 09/02/2014 C-6 Books
  Dewey Decimal Classification     Non-fiction Central Library, University of Rajshahi Central Library, University of Rajshahi   25/03/1963 zeitlinger 58.00   657.0951 NEA 1960 21/03/2019 C-1 Books
  Dewey Decimal Classification     Non-fiction Central Library, University of Rajshahi Central Library, University of Rajshahi   25/03/1963 zeitlinger 58.00   657.0951 NEA 1960 21/03/2019 C-2 Books
  Dewey Decimal Classification     Non-fiction Central Library, University of Rajshahi Central Library, University of Rajshahi   25/03/1963 zeitlinger 58.00   657.0951 NEA 1960 21/03/2019 C-3 Books
  Dewey Decimal Classification     Non-fiction Central Library, University of Rajshahi Central Library, University of Rajshahi   25/03/1963 zeitlinger 58.00   657.0951 NEA 1960 21/03/2019 C-4 Books
  Dewey Decimal Classification     Non-fiction Central Library, University of Rajshahi Central Library, University of Rajshahi   25/03/1963 zeitlinger 58.00   657.0951 NEA 1960 21/03/2019 C-5 Books
  Dewey Decimal Classification     Non-fiction Central Library, University of Rajshahi Central Library, University of Rajshahi   25/03/1963 zeitlinger 58.00   657.0951 NEA 1960 21/03/2019 C-7 Books